000 00349nam a2200133Ia 4500
008 220214s9999 xx 000 0 und d
245 0 _aCoir News
260 _bThe Coir Board
_aCochin
310 _aM
500 _aEnding Volume & Year: 5, 1976
500 _aMissing Volume: 1(3);3(9);4(4,9)
500 _aStarting Volume & Year: 1, 1972
942 _cBJ
999 _c558
_d558